[Event "Stockholm Chess Challenge 2019"]
[Site "Stockholm"]
[Date "2019.04.28"]
[Round "4.3"]
[White "Kucuksari, Kaan"]
[Black "Siddharth, Jagadeesh"]
[Result "1/2-1/2"]
[WhiteElo "2301"]
[BlackElo "2132"]
[Annotator "NA"]
[PlyCount "299"]
[EventDate "2019.04.26"]
[EventType "swiss"]
[EventCountry "SWE"]
[SourceTitle "playchess.com"]
[Source "ChessBase"]
[SourceQuality "1"]
[TimeControl "40/5400+30:900+30"]

1. d4 {[%emt 0:00:00]} Nf6 {[%emt 0:00:00]} 2. c4 {[%emt 0:00:00]} e6 {[%emt 0:00:02]} 3. Nf3 {[%emt 0:00:00]} d5 {[%emt 0:00:08]} 4. g3 {[%emt 0:02:06]} dxc4 {[%emt 0:00:08]} 5. Bg2 {[%emt 0:00:02]} Nc6 {[%emt 0:00:10]} 6. Qa4 {[%emt 0:00:03]} Bd7 {[%emt 0:00:10]} 7. Qxc4 {[%emt 0:00:07]} Na5 {[%emt 0:00:06]} 8. Qc2 {[%emt 0:02:40]} Rc8 {[%emt 0:00:08]} 9. O-O {[%emt 0:00:10]} c5 {[%emt 0:00:05]} 10. Nc3 {[%emt 0:00:25] E04: Open Catalan: 5 Nf3} (10. Qd1 Bc6 11. dxc5 Qxd1 12. Rxd1 Bxc5 13. b3 Bxf3 14. Bxf3 Bd4 15. Rxd4 Rxc1+ 16. Kg2 O-O 17. Ra4 Nc6 {0-1 (25) Guramishvili,S (2421)-Zhao,X (2553) Kazan 2013}) 10... Nc6 {[%emt 0:03:24]} 11. Rd1 {[%emt 0:01:07]} cxd4 $146 {[%emt 0:00:41]} ({Predecessor:} 11... Nxd4 12. Nxd4 cxd4 {0-1 (67) Londyn,R (2152)-Lechtynsky,J (2431) Plzen 2003}) 12. Nxd4 {[%emt 0:00:03]} Nxd4 {[%emt 0:00:26]} 13. Rxd4 {[%emt 0:00:02]} Bc5 {[%emt 0:00:22]} 14. Rh4 {[%emt 0:05:06]} Bc6 {[%emt 0:15:02]} 15. Bg5 {[%emt 0:08:22]} h6 {[%emt 0:08:04]} 16. Rd1 {[%emt 0:04:06]} Qe7 {[%emt 0:05:20]} 17. Bxc6+ {[%emt 0:11:13]} Rxc6 18. e4 Bd6 {[%emt 0:10:24]} 19. f4 {[%emt 0:03:51]} e5 {[%emt 0:02:49]} 20. Qe2 {[%emt 0:04:17]} exf4 {[%emt 0:15:48]} 21. Nd5 {[%emt 0:05:18]} Qe6 {[%emt 0:02:27]} 22. Bxf6 {[%emt 0:06:45]} gxf6 {[%emt 0:02:04]} 23. gxf4 {[%emt 0:01:03]} Rg8+ {[%emt 0:02:38]} 24. Kh1 {[%emt 0:00:02]} f5 {[%emt 0:00:19]} 25. e5 {[%emt 0:00:01]} Be7 {[%emt 0:00:09]} 26. Rh3 {[%emt 0:01:36]} Rc5 {[%emt 0:03:54]} 27. Rhd3 {[%emt 0:07:27]} Qc6 {[%emt 0:01:23]} 28. Qf3 {[%emt 0:14:15]} Rg6 {[%emt 0:10:46]} 29. b4 {[%emt 0:06:29]} Rc4 {[%emt 0:01:54]} 30. b5 {[%emt 0:00:51]} Qxb5 {[%emt 0:04:41]} 31. Rb3 {[%emt 0:05:41]} Qc6 {[%emt 0:00:51]} 32. Rxb7 {[%emt 0:01:59]} Bd8 {[%emt 0:00:27]} 33. Rb8 {[%emt 0:10:29]} Rc1 {[%emt 0:00:01]} 34. Nf6+ {[%emt 0:00:27]} Ke7 {[%emt 0:00:01]} 35. Nd5+ {[%emt 0:00:02]} Ke8 {[%emt 0:00:24]} 36. Rb1 {[%emt 0:01:17]} Rxb1 {[%emt 0:00:40]} 37. Rxb1 {[%emt 0:00:02]} Qc2 {[%emt 0:00:15]} 38. Rd1 {[%emt 0:00:40]} Qe4 {[%emt 0:01:09]} 39. Qxe4 {[%emt 0:00:30]} fxe4 {[%emt 0:00:01]} 40. Re1 {[%emt 0:00:50]} Ra6 {[%emt 0:01:29]} 41. Re2 {[%emt 0:01:38]} Ra3 {[%emt 0:00:21]} 42. Ne3 {[%emt 0:04:25]} Kd7 {[%emt 0:04:14]} 43. Nf5 {[%emt 0:02:46]} Ke6 {[%emt 0:00:44]} 44. Nxh6 {[%emt 0:00:04]} Rh3 {[%emt 0:00:17]} 45. f5+ {[%emt 0:00:25]} Ke7 {[%emt 0:00:38]} 46. Ng4 {[%emt 0:00:14]} Rf3 {[%emt 0:00:01]} 47. f6+ {[%emt 0:00:48]} Ke6 48. Rxe4 {[%emt 0:00:26]} Kf5 {[%emt 0:00:30]} 49. Ra4 {[%emt 0:02:11]} Bb6 {[%emt 0:00:20]} 50. Kg2 {[%emt 0:00:21]} Rd3 {[%emt 0:00:06]} 51. h3 {[%emt 0:04:46]} Rd2+ {[%emt 0:00:45]} 52. Kf3 {[%emt 0:00:17]} Rd3+ {[%emt 0:00:05]} 53. Kg2 {[%emt 0:00:06]} Rd2+ {[%emt 0:00:02]} 54. Kg3 {[%emt 0:00:30]} Rd3+ {[%emt 0:01:04]} 55. Kh4 {[%emt 0:00:16]} Rc3 {[%emt 0:01:33]} 56. Rb4 {[%emt 0:01:40]} Ra3 {[%emt 0:01:25]} 57. Rb2 {[%emt 0:01:27]} Rd3 {[%emt 0:00:50]} 58. Re2 {[%emt 0:01:19]} Ke6 {[%emt 0:01:05]} 59. Rc2 {[%emt 0:00:19]} Kf5 {[%emt 0:03:59]} 60. Re2 {[%emt 0:00:44]} Ke6 {[%emt 0:00:02]} 61. Rh2 {[%emt 0:00:33]} Kf5 {[%emt 0:01:06]} 62. Kh5 {[%emt 0:00:46]} Rd8 {[%emt 0:00:01]} 63. Nh6+ {[%emt 0:00:21]} Ke6 {[%emt 0:00:01]} 64. Ng4 {[%emt 0:00:26]} Kf5 {[%emt 0:00:00]} 65. Kh6 {[%emt 0:00:32]} Rg8 {[%emt 0:00:43]} 66. Kh7 {[%emt 0:00:15]} Rg5 {[%emt 0:00:09]} 67. e6 {[%emt 0:00:49]} Kxe6 {[%emt 0:00:34]} 68. Re2+ {[%emt 0:00:02]} Kf5 {[%emt 0:00:14]} 69. Re5+ {[%emt 0:00:42]} Kf4 {[%emt 0:00:12]} 70. Re7 {[%emt 0:00:51]} Rh5+ {[%emt 0:00:16]} 71. Kg7 {[%emt 0:00:16]} Rxh3 {[%emt 0:00:16]} 72. Ne5 {[%emt 0:00:43]} Bd4 {[%emt 0:00:31]} 73. Nd7 {[%emt 0:00:19]} Kf5 {[%emt 0:00:57]} 74. Rxf7 {[%emt 0:00:46]} Ra3 {[%emt 0:00:46]} 75. Re7 {[%emt 0:00:26]} Rxa2 {[%emt 0:00:11]} 76. Kf7 {[%emt 0:00:10]} Ra6 {[%emt 0:01:33]} 77. Re1 {[%emt 0:00:02]} Ra2 {[%emt 0:01:44]} 78. Ke7 {[%emt 0:00:45]} Bxf6+ {[%emt 0:00:22]} 79. Nxf6 {[%emt 0:00:01]} Rd2 {[%emt 0:01:20]} 80. Ne4 {[%emt 0:00:08]} Rd4 {[%emt 0:00:46]} 81. Nd6+ {[%emt 0:00:09]} Kf4 {[%emt 0:00:37]} 82. Ra1 {[%emt 0:00:07]} Ke5 {[%emt 0:00:44]} 83. Nf7+ {[%emt 0:00:14]} Kd5 {[%emt 0:00:12]} 84. Ra6 {[%emt 0:00:22]} Rh4 {[%emt 0:00:15]} 85. Ng5 {[%emt 0:00:30]} Kc5 {[%emt 0:00:34]} 86. Ne6+ {[%emt 0:00:17]} Kb5 {[%emt 0:00:08]} 87. Nc7+ {[%emt 0:00:08]} Kc5 {[%emt 0:00:17]} 88. Kd7 {[%emt 0:00:09]} Rh7+ {[%emt 0:00:18]} 89. Kc8 {[%emt 0:00:32]} Rh8+ {[%emt 0:00:21]} 90. Kb7 {[%emt 0:00:00]} Rh7 {[%emt 0:00:13]} 91. Rc6+ {[%emt 0:00:00]} Kd4 {[%emt 0:00:14]} 92. Ka6 {[%emt 0:00:00]} Ke5 {[%emt 0:00:20]} 93. Nb5 {[%emt 0:00:00]} Rf7 {[%emt 0:00:24]} 94. Rc5+ {[%emt 0:00:00]} Kf4 {[%emt 0:00:30]} 95. Nd6 {[%emt 0:00:01]} Rf6 {[%emt 0:00:15]} 96. Rd5 {[%emt 0:00:06]} Re6 {[%emt 0:00:13]} 97. Rf5+ {[%emt 0:00:08]} Ke3 {[%emt 0:00:09]} 98. Rd5 {[%emt 0:00:03]} Kf4 {[%emt 0:00:12]} 99. Kxa7 {[%emt 0:00:31]} Re7+ {[%emt 0:00:27]} 100. Kb6 {[%emt 0:00:02]} Re6 {[%emt 0:00:16]} 101. Rd4+ {[%emt 0:00:11]} Ke3 {[%emt 0:00:29]} 102. Kc5 {[%emt 0:00:08]} Re5+ {[%emt 0:00:09]} 103. Kc4 {[%emt 0:00:01]} Kf3 {[%emt 0:00:11]} 104. Rd3+ {[%emt 0:03:22]} Kf4 {[%emt 0:00:44]} 105. Kd4 {[%emt 0:00:25]} Ra5 {[%emt 0:00:15]} 106. Nc4 {[%emt 0:00:14]} Ra4 {[%emt 0:00:06]} 107. Rd1 {[%emt 0:00:11]} Kf3 {[%emt 0:00:21]} 108. Kd3 {[%emt 0:00:02]} Ra8 {[%emt 0:00:09]} 109. Rf1+ {[%emt 0:00:04]} Kg3 {[%emt 0:00:08]} 110. Nd2 {[%emt 0:01:04]} Ra3+ {[%emt 0:00:10]} 111. Ke2 {[%emt 0:00:06]} Ra2 {[%emt 0:00:05]} 112. Rf8 {[%emt 0:00:15]} Kg4 {[%emt 0:00:08]} 113. Ke3 {[%emt 0:00:06]} Ra3+ {[%emt 0:00:06]} 114. Kd4 {[%emt 0:00:03]} Ra4+ {[%emt 0:00:14]} 115. Nc4 {[%emt 0:00:02]} Kg5 {[%emt 0:00:18]} 116. Kd5 {[%emt 0:00:04]} Ra1 {[%emt 0:00:07]} 117. Ke6 {[%emt 0:01:07]} Ra6+ {[%emt 0:00:07]} 118. Ke5 {[%emt 0:00:01]} Kg6 {[%emt 0:00:17]} 119. Nd6 {[%emt 0:00:13]} Ra5+ {[%emt 0:00:11]} 120. Ke6 {[%emt 0:00:01]} Ra6 {[%emt 0:00:23]} 121. Rg8+ {[%emt 0:00:18]} Kh7 {[%emt 0:00:38]} 122. Rg1 {[%emt 0:00:03]} Kh6 {[%emt 0:00:10]} 123. Ke5 {[%emt 0:00:20]} Kh7 {[%emt 0:00:30]} 124. Nf5 {[%emt 0:07:04]} Ra5+ {[%emt 0:00:15]} 125. Kf6 {[%emt 0:00:02]} Ra6+ {[%emt 0:00:11]} 126. Ke5 {[%emt 0:03:13]} Ra5+ {[%emt 0:00:07]} 127. Ke6 {[%emt 0:00:08]} Ra6+ {[%emt 0:00:14]} 128. Nd6 {[%emt 0:00:30]} (128. Ke7 $14) 128... Kh6 {[%emt 0:00:17]} 129. Ke5 {[%emt 0:02:13]} Ra5+ {[%emt 0:00:23]} 130. Kf6 {[%emt 0:00:19]} Kh5 {[%emt 0:00:08]} 131. Nc4 {[%emt 0:01:05]} Ra6+ {[%emt 0:00:11]} 132. Kf5 {[%emt 0:00:06]} Kh6 {[%emt 0:00:05]} 133. Ne5 {[%emt 0:00:09]} Ra5 {[%emt 0:00:06]} 134. Rg8 {[%emt 0:00:50]} Kh7 {[%emt 0:00:27]} 135. Rc8 {[%emt 0:01:17]} Kh6 {[%emt 0:00:48]} 136. Rc7 {[%emt 0:00:14]} Rb5 {[%emt 0:00:21]} 137. Ra7 {[%emt 0:00:28]} Rc5 {[%emt 0:00:35]} 138. Kf6 {[%emt 0:01:01]} Rb5 {[%emt 0:00:44]} 139. Re7 {[%emt 0:00:39]} Ra5 {[%emt 0:00:22]} 140. Kf5 {[%emt 0:00:09]} Rb5 {[%emt 0:00:17]} 141. Ra7 {[%emt 0:00:47]} Rc5 {[%emt 0:00:12]} 142. Ra1 {[%emt 0:00:01]} Rb5 {[%emt 0:00:22]} 143. Rc1 {[%emt 0:01:00]} Ra5 {[%emt 0:00:14]} 144. Kf6 {[%emt 0:00:30]} Ra6+ {[%emt 0:00:08]} 145. Nc6 {[%emt 0:00:01]} Kh5 {[%emt 0:00:18]} 146. Rc4 {[%emt 0:00:00]} Rb6 {[%emt 0:00:34]} 147. Kf5 {[%emt 0:00:21]} Rb5+ {[%emt 0:00:12]} 148. Ne5 {[%emt 0:00:02]} Kh6 {[%emt 0:00:16]} 149. Ra4 $11 {[%emt 0:02:06]} Kg7 {[%emt 0:00:17]} 150. Ra7+ {[%emt 0:00:10]} 1/2-1/2

[Event "Stockholm Chess Challenge 2019"]
[Site "Stockholm"]
[Date "2019.04.28"]
[Round "4.4"]
[White "Soham Das"]
[Black "Dev, Shah"]
[Result "1/2-1/2"]
[WhiteElo "2367"]
[BlackElo "2020"]
[Annotator "TA"]
[PlyCount "59"]
[EventDate "2019.04.26"]
[EventType "swiss"]
[EventCountry "SWE"]
[SourceTitle "playchess.com"]
[Source "ChessBase"]
[SourceQuality "1"]

{[%evp 13,59,27,49,37,44,41,42,42,31,45,84,75,66,44,49,19,21,16,18,15,21,17,28,14,63,61,53,54,51,44,55,56,52,0,-11,0,-11,-113,-99,-97,0,0,0,0,0,0,0,0]} 1. e4 e5 2. Nf3 Nc6 3. Bc4 Nf6 4. d3 Be7 5. O-O O-O 6. Re1 d6 7. a4 Kh8 8. a5 {C55: Two Knights: 4 d3, 4 d4 exd4 5 e5 and Max Lange Attack} (8. Nc3 Ng8 9. Nd5 f5 10. h3 fxe4 11. dxe4 Nf6 12. a5 a6 13. Ra3 Be6 14. Nxf6 Bxc4 15. Nd5 Bb5 {½-½ (67) Caruana,F (2822)-Grischuk,A (2766) Saint Louis 2018}) 8... a6 9. h3 Ng8 10. Nc3 {White is slightly better.} f5 11. Nd5 f4 $146 ({Predecessor:} 11... fxe4 12. dxe4 Nf6 13. c3 Nxd5 14. exd5 Nb8 15. Nd2 Nd7 {1-0 (38) Ganguly,S (2633)-Kazhgaleyev,M (2587) Astana 2019}) 12. d4 Bf6 13. dxe5 Nxe5 14. Be2 Nxf3+ 15. Bxf3 ({Don't go for} 15. gxf3 $2 Be5 $19) 15... Be5 $1 16. Ra3 Ne7 17. Bg4 Nxd5 18. exd5 Rf6 19. Rb3 b5 20. axb6 cxb6 21. Re4 Bxg4 22. Qxg4 {[%cal Rc1f4]} Qc7 23. Bxf4 (23. c4 $14) 23... Rxf4 $11 24. Rxf4 {And now Rc4 would win.} Qxc2 {[%mdl 64] [#] Double Attack} 25. Rbb4 (25. Rbf3 $11 Qd1+ 26. Kh2) 25... Qc1+ $17 26. Kh2 Rf8 (26... a5 $17 27. Rbe4 Qxb2) 27. g3 $11 {[%cal Rf4f8] The position is equal.} Bxf4 28. Rxf4 Rxf4 29. gxf4 h6 30. Qf5 {Accuracy: White = 64%, Black = 71%.} 1/2-1/2

[Event "Stockholm Chess Challenge 2019"]
[Site "Stockholm"]
[Date "2019.04.28"]
[Round "4.5"]
[White "Sorensen, Hampus"]
[Black "Kvaloy, Aksel Bu"]
[Result "1-0"]
[WhiteElo "2319"]
[BlackElo "2138"]
[Annotator "NA"]
[PlyCount "55"]
[EventDate "2019.04.26"]
[EventType "swiss"]
[EventCountry "SWE"]
[SourceTitle "playchess.com"]
[Source "ChessBase"]
[SourceQuality "1"]
[TimeControl "40/5400+30:900+30"]

1. d4 {[%emt 0:00:00]} Nf6 {[%emt 0:00:00]} 2. c4 {[%emt 0:00:23]} e6 {[%emt 0:00:00]} 3. Nf3 {[%emt 0:00:13]} d5 {[%emt 0:00:05]} 4. Bg5 {[%emt 0:00:31]} Bb4+ $11 {[%emt 0:00:20]} 5. Nbd2 {[%emt 0:00:14]} dxc4 {[%emt 0:00:23]} 6. Qa4+ {[%emt 0:01:33]} Nc6 {[%emt 0:00:08]} 7. e3 {[%emt 0:00:37]} Qd5 {[%emt 0:01:37]} 8. Bxf6 {[%emt 0:04:00]} gxf6 {[%emt 0:00:11]} 9. Qc2 {[%emt 0:00:44]} b5 {[%emt 0:01:33]} 10. a3 {[%emt 0:05:46]} Ba5 {[%emt 0:06:49]} 11. O-O-O {[%emt 0:05:01]} Ke7 {[%emt 0:16:27]} 12. Rg1 {[%emt 0:07:07]} Bb6 {[%emt 0:08:34]} 13. g4 {[%emt 0:04:27]} Bb7 {[%emt 0:05:28]} 14. Bg2 {[%emt 0:05:00]} Qd7 {[%emt 0:02:24]} 15. Ne4 {[%emt 0:04:36]} Na5 {[%emt 0:07:22]} 16. g5 {[%emt 0:04:08]} Nb3+ {[%emt 0:05:05]} 17. Kb1 {[%emt 0:00:12]} fxg5 {[%emt 0:00:36]} 18. Ne5 {[%emt 0:09:09]} Qc8 {[%emt 0:00:45]} 19. Nxg5 {[%emt 0:03:10]} Bxg2 {[%emt 0:11:22]} 20. Rxg2 {[%emt 0:09:27]} f6 {[%emt 0:01:18]} 21. Nxh7 {[%emt 0:00:39]} fxe5 {[%emt 0:06:27]} 22. dxe5 {[%emt 0:00:25]} Rg8 {[%emt 0:03:56]} 23. Rxg8 {[%emt 0:01:18]} Qxg8 {[%emt 0:01:13]} 24. Nf6 {[%emt 0:00:29]} Qg2 {[%emt 0:07:46]} 25. Qh7+ {[%emt 0:00:37]} Kf8 {[%emt 0:00:06]} 26. Qh8+ {[%emt 0:00:24]} Kf7 {[%emt 0:00:08]} 27. Rd7+ {[%emt 0:00:08]} Kg6 {[%emt 0:00:08]} 28. Qh5# {[%emt 0:00:12]} 1-0

[Event "Stockholm Chess Challenge 2019"]
[Site "Stockholm"]
[Date "2019.04.28"]
[Round "4.6"]
[White "Jogstad, Martin"]
[Black "Savitha Shri B"]
[Result "*"]
[WhiteElo "2267"]
[BlackElo "1895"]
[Annotator "NA"]
[PlyCount "23"]
[EventDate "2019.04.26"]
[EventType "swiss"]
[EventCountry "SWE"]
[SourceTitle "playchess.com"]
[Source "ChessBase"]
[SourceQuality "1"]
[TimeControl "40/5400+30:900+30"]

1. c4 {[%emt 0:00:00]} c5 {[%emt 0:00:00]} 2. g3 {[%emt 0:00:20]} g6 {[%emt 0:00:00]} 3. Bg2 {[%emt 0:00:04]} Bg7 {[%emt 0:00:00]} 4. Nc3 {[%emt 0:00:05]} Nc6 $11 {[%emt 0:00:00]} 5. Nf3 {[%emt 0:01:11]} d6 {[%emt 0:00:00]} 6. O-O {[%emt 0:00:05]} e5 {[%emt 0:00:12]} 7. a3 {[%emt 0:00:06]} Nge7 {[%emt 0:00:23]} 8. b4 {[%emt 0:00:22]} e4 {[%emt 0:03:04]} 9. Ne1 {[%emt 0:00:57]} f5 {[%emt 0:00:19]} 10. Bb2 {[%emt 0:01:15]} Be6 {[%emt 0:00:30]} 11. d3 {[%emt 0:09:48]} O-O {[%emt 0:05:27]} 12. dxe4 {[%emt 0:11:06]} *

[Event "Stockholm Chess Challenge 2019"]
[Site "Stockholm"]
[Date "2019.04.28"]
[Round "4.6"]
[White "Ojas Kulkarni"]
[Black "Kenneskog, Theodor"]
[Result "1/2-1/2"]
[WhiteElo "2240"]
[BlackElo "2306"]
[Annotator "NA"]
[PlyCount "61"]
[EventDate "2019.04.26"]
[EventType "swiss"]
[EventCountry "SWE"]
[SourceTitle "playchess.com"]
[Source "ChessBase"]
[SourceQuality "1"]
[TimeControl "40/5400+30:900+30"]

1. c4 {[%emt 0:00:00]} c5 {[%emt 0:00:00]} 2. g3 {[%emt 0:00:20]} g6 {[%emt 0:00:00]} 3. Bg2 {[%emt 0:00:04]} Bg7 {[%emt 0:00:00]} 4. Nc3 {[%emt 0:00:05]} Nc6 $11 {[%emt 0:00:00]} 5. Nf3 {[%emt 0:01:11]} d6 {[%emt 0:00:00]} 6. O-O {[%emt 0:00:05]} e5 {[%emt 0:00:12]} 7. a3 {[%emt 0:00:06]} Nge7 {[%emt 0:00:23]} 8. b4 {[%emt 0:00:22]} e4 {[%emt 0:03:04]} 9. Ne1 {[%emt 0:00:57]} f5 {[%emt 0:00:19]} 10. Bb2 {[%emt 0:01:15]} Be6 {[%emt 0:00:30]} 11. d3 {[%emt 0:09:48]} O-O {[%emt 0:05:27]} 12. dxe4 {[%emt 0:11:06]} fxe4 {[%emt 0:07:31]} 13. Bxe4 {[%emt 0:01:20]} Bxc4 {[%emt 0:00:48]} 14. Na4 {[%emt 0:03:15]} Bxb2 {[%emt 0:14:11]} 15. Nxb2 {[%emt 0:00:17]} Bf7 {[%emt 0:00:19]} 16. Bg2 {[%emt 0:07:19]} Rb8 {[%emt 0:03:21]} 17. Qd2 {[%emt 0:07:32]} Qc7 {[%emt 0:03:08]} 18. Rc1 {[%emt 0:01:35]} b6 {[%emt 0:00:31]} 19. Ned3 {[%emt 0:01:14]} Rfd8 {[%emt 0:14:08]} 20. Nf4 {[%emt 0:08:26]} a5 {[%emt 0:00:39]} 21. Bh3 {[%emt 0:06:10]} axb4 {[%emt 0:13:19]} 22. axb4 {[%emt 0:00:21]} Rf8 {[%emt 0:00:26]} 23. Rfd1 {[%emt 0:06:11]} Rbd8 {[%emt 0:01:36]} 24. Be6 {[%emt 0:01:24]} Qb8 {[%emt 0:05:55]} 25. Bxf7+ {[%emt 0:07:57]} Rxf7 {[%emt 0:00:03]} 26. Ne6 {[%emt 0:00:10]} Re8 {[%emt 0:00:14]} 27. Qxd6 {[%emt 0:10:11]} Nxb4 {[%emt 0:00:15]} 28. Nc4 {[%emt 0:04:02]} Nf5 {[%emt 0:03:27]} 29. Qxb8 {[%emt 0:01:42]} Rxb8 {[%emt 0:00:02]} 30. e4 {[%emt 0:00:07]} Ng7 {[%emt 0:00:17]} 31. Nf4 {[%emt 0:03:12]} 1/2-1/2

[Event "Stockholm Chess Challenge 2019"]
[Site "Stockholm"]
[Date "2019.04.28"]
[Round "4.7"]
[White "Jogstad, Martin"]
[Black "Sivaji Baskar S"]
[Result "1-0"]
[WhiteElo "2267"]
[BlackElo "1630"]
[Annotator "NA"]
[PlyCount "57"]
[EventDate "2019.04.26"]
[EventType "swiss"]
[EventCountry "SWE"]
[SourceTitle "playchess.com"]
[Source "ChessBase"]
[SourceQuality "1"]
[TimeControl "40/5400+30:900+30"]

1. d4 {[%emt 0:00:00]} Nf6 {[%emt 0:00:00]} 2. c4 {[%emt 0:00:01]} g6 {[%emt 0:00:29]} 3. Nc3 {[%emt 0:00:06]} Bg7 {[%emt 0:00:05]} 4. e4 {[%emt 0:00:06]} d6 {[%emt 0:00:05]} 5. Be2 {[%emt 0:00:07]} O-O $14 {[%emt 0:00:06]} 6. Nf3 {[%emt 0:00:08]} e5 {[%emt 0:00:04]} 7. d5 {[%emt 0:00:06]} a5 {[%emt 0:00:04]} 8. Bg5 {[%emt 0:00:07]} h6 {[%emt 0:00:06]} 9. Be3 {[%emt 0:00:07]} Ng4 {[%emt 0:00:08]} 10. Bd2 {[%emt 0:00:06]} f5 {[%emt 0:00:15]} 11. h3 {[%emt 0:00:16]} Nf6 {[%emt 0:00:08]} 12. exf5 {[%emt 0:00:06]} gxf5 {[%emt 0:01:10]} 13. Qc1 {[%emt 0:00:06]} Kh7 {[%emt 0:06:31]} 14. g4 {[%emt 0:00:27]} Ne4 {[%emt 0:10:34]} 15. Nxe4 {[%emt 0:02:38]} fxe4 {[%emt 0:00:02]} 16. Qc2 {[%emt 0:01:11]} Nd7 {[%emt 0:05:21]} 17. Qxe4+ {[%emt 0:01:03]} Kg8 {[%emt 0:00:07]} 18. Be3 {[%emt 0:08:16]} Nc5 {[%emt 0:09:59]} 19. Bxc5 {[%emt 0:07:11]} dxc5 {[%emt 0:01:03]} 20. Bd3 {[%emt 0:08:18]} Rf4 {[%emt 0:01:20]} 21. Qe3 {[%emt 0:03:49]} Qf6 {[%emt 0:04:06]} 22. Nd2 {[%emt 0:03:23]} Qb6 {[%emt 0:02:47]} 23. Ne4 {[%emt 0:10:20]} Qxb2 {[%emt 0:08:01]} 24. Rb1 {[%emt 0:00:19]} Qd4 {[%emt 0:00:02]} 25. Nxc5 {[%emt 0:10:38]} Qc3+ {[%emt 0:04:30]} 26. Ke2 {[%emt 0:00:49]} Qa3 {[%emt 0:00:38]} 27. Bh7+ {[%emt 0:00:26]} Kxh7 {[%emt 0:02:55]} 28. Qxa3 {[%emt 0:00:21]} b6 {[%emt 0:00:13]} 29. Ne6 {[%emt 0:03:04]} 1-0

[Event "Stockholm Chess Challenge 2019"]
[Site "Stockholm"]
[Date "2019.04.28"]
[Round "4.7"]
[White "Ojas Kulkarni"]
[Black "Kenneskog, Theodor"]
[Result "*"]
[WhiteElo "2240"]
[BlackElo "2306"]
[Annotator "NA"]
[PlyCount "35"]
[EventDate "2019.04.26"]
[EventType "swiss"]
[EventCountry "SWE"]
[SourceTitle "playchess.com"]
[Source "ChessBase"]
[SourceQuality "1"]
[TimeControl "40/5400+30:900+30"]

1. d4 {[%emt 0:00:00]} Nf6 {[%emt 0:00:00]} 2. c4 {[%emt 0:00:01]} g6 {[%emt 0:00:29]} 3. Nc3 {[%emt 0:00:06]} Bg7 {[%emt 0:00:05]} 4. e4 {[%emt 0:00:06]} d6 {[%emt 0:00:05]} 5. Be2 {[%emt 0:00:07]} O-O $14 {[%emt 0:00:06]} 6. Nf3 {[%emt 0:00:08]} e5 {[%emt 0:00:04]} 7. d5 {[%emt 0:00:06]} a5 {[%emt 0:00:04]} 8. Bg5 {[%emt 0:00:07]} h6 {[%emt 0:00:06]} 9. Be3 {[%emt 0:00:07]} Ng4 {[%emt 0:00:08]} 10. Bd2 {[%emt 0:00:06]} f5 {[%emt 0:00:15]} 11. h3 {[%emt 0:00:16]} Nf6 {[%emt 0:00:08]} 12. exf5 {[%emt 0:00:06]} gxf5 {[%emt 0:01:10]} 13. Qc1 {[%emt 0:00:06]} Kh7 {[%emt 0:06:31]} 14. g4 {[%emt 0:00:27]} Ne4 {[%emt 0:10:34]} 15. Nxe4 {[%emt 0:02:38]} fxe4 {[%emt 0:00:02]} 16. Qc2 {[%emt 0:01:11]} Nd7 {[%emt 0:05:21]} 17. Qxe4+ {[%emt 0:01:03]} Kg8 {[%emt 0:00:07]} 18. Be3 {[%emt 0:08:16]} *

[Event "Stockholm Chess Challenge 2019"]
[Site "Stockholm"]
[Date "2019.04.28"]
[Round "4.9"]
[White "Trost, Edvin"]
[Black "Crevatin, Leo"]
[Result "1-0"]
[WhiteElo "2075"]
[BlackElo "2208"]
[Annotator "NA"]
[PlyCount "78"]
[EventDate "2019.04.26"]
[EventType "swiss"]
[EventCountry "SWE"]
[SourceTitle "playchess.com"]
[Source "ChessBase"]
[SourceQuality "1"]
[TimeControl "40/5400+30:900+30"]

1. Nf3 {[%emt 0:00:00]} Nf6 {[%emt 0:04:54]} 2. e3 {[%emt 0:00:00]} d5 {[%emt 0:00:36]} 3. b3 {[%emt 0:00:00]} Bg4 {[%emt 0:00:57]} 4. Bb2 {[%emt 0:00:32]} e6 {[%emt 0:02:09]} 5. h3 {[%emt 0:01:21]} Bh5 {[%emt 0:03:08]} 6. Be2 {[%emt 0:00:17]} Nbd7 {[%emt 0:04:10]} 7. c4 {[%emt 0:03:16]} c6 {[%emt 0:00:46]} 8. O-O {[%emt 0:01:41]} Qc7 {[%emt 0:03:58]} 9. Nc3 {[%emt 0:00:30]} Rd8 {[%emt 0:03:01]} 10. Re1 {[%emt 0:00:56]} Bd6 {[%emt 0:01:47]} 11. d4 {[%emt 0:01:26]} O-O {[%emt 0:01:43]} 12. Qc2 {[%emt 0:01:45]} Rfe8 {[%emt 0:08:34]} 13. Rad1 {[%emt 0:04:35]} Bg6 {[%emt 0:08:21]} 14. Bd3 {[%emt 0:00:49]} e5 {[%emt 0:07:08]} 15. Bxg6 {[%emt 0:06:18]} hxg6 {[%emt 0:00:12]} 16. cxd5 {[%emt 0:02:57]} e4 {[%emt 0:04:43]} 17. Ne5 {[%emt 0:35:13]} cxd5 {[%emt 0:07:56]} 18. Nxd7 {[%emt 0:00:20]} Qxd7 {[%emt 0:00:32]} 19. Qe2 {[%emt 0:01:04]} Rc8 {[%emt 0:08:12]} 20. Rc1 {[%emt 0:01:06]} Rc6 {[%emt 0:03:54]} 21. Nb5 {[%emt 0:03:23]} Bb8 {[%emt 0:02:44]} 22. Rxc6 {[%emt 0:00:54]} bxc6 {[%emt 0:00:08]} 23. Nc3 {[%emt 0:00:16]} Qd6 {[%emt 0:01:16]} 24. g3 {[%emt 0:00:16]} Nh5 {[%emt 0:02:51]} 25. Rd1 {[%emt 0:11:17]} Re6 {[%emt 0:04:22]} 26. Qe1 {[%emt 0:02:03]} g5 {[%emt 0:02:14]} 27. Ne2 {[%emt 0:01:38]} f5 {[%emt 0:00:20]} 28. Bc1 {[%emt 0:00:35]} Qf8 {[%emt 0:03:10]} 29. Qf1 {[%emt 0:01:01]} f4 {[%emt 0:01:49]} 30. g4 {[%emt 0:03:33]} f3 {[%emt 0:03:10]} 31. gxh5 {[%emt 0:00:21]} fxe2 {[%emt 0:00:05]} 32. Qxe2 {[%emt 0:00:06]} Rf6 {[%emt 0:02:31]} 33. Qf1 {[%emt 0:05:56]} Rf3 {[%emt 0:00:37]} 34. Qg2 {[%emt 0:00:08]} Qd6 {[%emt 0:01:46]} 35. Rd2 {[%emt 0:03:18]} Rf6 {[%emt 0:01:20]} 36. Kf1 {[%emt 0:01:15]} Qb4 {[%emt 0:02:16]} 37. Ke1 {[%emt 0:01:04]} Qc3 {[%emt 0:00:38]} 38. Kd1 {[%emt 0:00:06]} Bd6 {[%emt 0:00:26]} 39. Qxg5 {[%emt 0:01:27]} Qa1 1-0